000 00249nam a2200121 i 4500
001 bg
245 0 _aMetalurgie generale.
260 _aParis,
_c1969.
040 _cBPK
041 _apol
942 _cKS
008 s pl f |000 0 pol
999 _c27292
_d27292
856 _uhttp://koha.tu.koszalin.pl/cgi-bin/koha/opac-detail.pl?biblionumber=27292
_yKatalog online BPK